Statistiques concernant Reliez le prénom à la personnalité (Jacques, Patrick ou Gérard)

Cliquez ici pour prendre le quiz!

Statistiques générales

  • Ce quiz a été pris 156 fois
  • Le résultat moyen est 28 sur 40

Statistiques - réponses

HintRéponse% Correct
DepardieuGérard
98%
BruelPatrick
98%
DarmonGérard
95%
JugnotGérard
95%
PiquéGérard
93%
ChiracJacques
92%
DutroncJacques
91%
PrévertJacques
91%
BrelJacques
90%
SébastienPatrick
89%
TimsitPatrick
85%
LanvinGérard
84%
LenormanGérard
84%
Poivre d'ArvorPatrick
83%
Chaban-DelmasJacques
81%
FioriPatrick
80%
BalkanyPatrick
72%
HigelinJacques
69%
MartinJacques
69%
VilleretJacques
68%
DempseyPatrick
68%
BodoinJacques
66%
WeberJacques
65%
OuryGérard
61%
TatiJacques
61%
DessangeJacques
61%
SwayzePatrick
61%
VergèsJacques
55%
DupondPatrick
55%
ChesnaisPatrick
54%
MajaxGérard
52%
AttaliJacques
52%
DewaerePatrick
52%
CohenPatrick
52%
AudiardJacques
51%
DoillonJacques
49%
DerayJacques
48%
JuvetPatrick
46%
LelièvreGérard
40%
MorelJacques
22%

Distribution des résultats

Percentile par nombre de réponses

% des personnes avec chaque résultat

Votre développement - résultats

Vous n’avez pas pris ce quiz